000 00341nam a2200145Ia 4500
008 230917s9999||||xx |||||||||||||| ||und||
040 _e128881
_aMAIN
041 _aEnglish
082 _a342.598 R311H
100 _aResearch Board
245 0 _aHow Indonesia is governed
260 _aDelhi
_bResearch
300 _a64p. p.
942 _cBK
999 _c199392
_d199392